000 01090nas a2200349 4500
001 BR2017003091
003 BR-BrBNA
005 20231205131139.0
007 ta
008 230509b bl.|||p| |||| 00| 00por d
040 _aBR-BrBNA
_bpor
_cBiblioteca Nacional de Agricultura
041 _a(En)
072 _aF30
100 1 _aKurosawa, R. do N.F.
100 1 _aVivas, M.
100 1 _aAmaral Junior, A.T. do
100 1 _aRibeiro, R.M.
100 1 _aMiranda, S.B.
100 1 _aPena, G.F.
100 1 _aLeite, J.T.
100 1 _aMora, F.
245 1 _aPopcorn germplasm resistance to fungal diseases caused by Exserohilum turcicum and Bipolaris maydis
650 _aMILHO
650 _aSELEÇÃO
650 _aRESISTÊNCIA GENÉTICA
650 _aGERMOPLASMA
650 _aMELHORAMENTO GENÉTICO VEGETAL
773 0 _tBragantia (Brazil)
_xISSN 1678-4499
_g(Jan-Mar 2018), v. 77(1) p. 36-47
_wBR2017003091
856 4 0 _uhttp://www.scielo.br/pdf/brag/v77n1/0006-8705-brag-1678-44992017035.pdf
909 _a202311
_bLúcia
_c55
_dLúcia Elande
942 _2AGRIS
_n0
_cANA
999 _c253248
_d253248